Serbia/Yugoslavia National Team All-Time XI - Statistics

General Stats
  • This quiz has been taken 56 times
  • The average score is 5 of 13
Answer Stats
Position Period Player % Correct
DF 2002-11 Nemanja Vidić
79%
DF 1946-56 Branko Stanković
74%
MF 1998-2013 Dejan Stanković
74%
DF 1991-2003 Siniša Mihajlović
49%
MF 1983-2001 Dragan Stojković
47%
12th player 1986-99 Dejan Savićević
40%
FW 1964-79 Dragan Džajić
40%
GK 1950-59 Vladimir Beara
26%
MF 1956-66 Dragoslav Šekularac
21%
Coach 1986-92 Ivica Osim
19%
FW 1953-58 Miloš Milutinović
13%
FW 1946-56 Stjepan Bobek
13%
DF 1961-66 Velibor Vasović
11%
No matching quizzes found
Score Distribution
Percent of People with Each Score
Percentile by Number Answered
Your Score History
You have not taken this quiz